Microwave and Radar Engineering (Record no. 3967)

MARC details
000 -LEADER
fixed length control field 00355nam a2200145Ia 4500
008 - FIXED-LENGTH DATA ELEMENTS--GENERAL INFORMATION
fixed length control field 191201s2012 xx 000 0 und d
082 ## - DEWEY DECIMAL CLASSIFICATION NUMBER
Classification number 621.3813
Item number KUM
100 ## - MAIN ENTRY--PERSONAL NAME
Personal name KULKARNI, M
245 #0 - TITLE STATEMENT
Title Microwave and Radar Engineering
250 ## - EDITION STATEMENT
Edition statement Rep.
260 ## - PUBLICATION, DISTRIBUTION, ETC. (IMPRINT)
Place of publication, distribution, etc N.Delhi
Name of publisher, distributor, etc Umesh Publications
Date of publication, distribution, etc 2012
300 ## - PHYSICAL DESCRIPTION
Extent 677
650 ## - SUBJECT ADDED ENTRY--TOPICAL TERM
Topical term or geographic name as entry element B.Tech(ECE)
942 ## - ADDED ENTRY ELEMENTS (KOHA)
Source of classification or shelving scheme Dewey Decimal Classification
Koha item type Text Books
Holdings
Withdrawn status Lost status Source of classification or shelving scheme Damaged status Not for loan Collection code Home library Current library Date acquired Source of acquisition Cost, normal purchase price Bill Number Total Checkouts Full call number Acc. no. / Barcode Date last seen Date last borrowed Bill Date Koha item type Checked out
    Dewey Decimal Classification     B.Tech(ECE) PIET C-LIBRARY PIET C-LIBRARY 20/07/2009 J B C, New Delhi 260.00 SI-1457 1 621.3813 KUM 12385 30/12/2021 07/12/2021 11/07/2009 Text Books  
    Dewey Decimal Classification     B.Tech(ECE) PIET C-LIBRARY PIET C-LIBRARY 20/07/2009 J B C, New Delhi 260.00 SI-1457 1 621.3813 KUM 12386 23/12/2021 07/12/2021 11/07/2009 Text Books  
    Dewey Decimal Classification     B.Tech(ECE) PIET C-LIBRARY PIET C-LIBRARY 20/07/2009 J B C, New Delhi 260.00 SI-1457 1 621.3813 KUM 12387 05/11/2020 05/11/2020 11/07/2009 Text Books 19/11/2020
    Dewey Decimal Classification     B.Tech(ECE) PIET C-LIBRARY PIET C-LIBRARY 20/07/2009 J B C, New Delhi 260.00 SI-1457 1 621.3813 KUM 12388 29/12/2021 23/12/2021 11/07/2009 Text Books  
    Dewey Decimal Classification     B.Tech(ECE) PIET C-LIBRARY PIET C-LIBRARY 20/07/2009 J B C, New Delhi 260.00 SI-1457   621.3813 KUM 12389 04/12/2019   11/07/2009 Text Books  

Design & Developed by: PIET Central Library
R70 Miles Stone Pattikalyana Samalkha Panipat 132102
mail ID :- [email protected], Phone No:- 0180-2569700 Ex.216